[Event "Olympiad-36"]
[Site "Mallorca"]
[Date "2004.10.28"]
[Round "13"]
[White "Macieja, Bartlomiej"]
[Black "Anand, Viswanathan"]
[Result "0-1"]
[WhiteElo "2613"]
[BlackElo "2781"]
[Annotator "Postny,E"]
[PlyCount "78"]
[EventDate "2004.10.15"]
[EventType "team-swiss"]
[EventRounds "14"]
[EventCountry "ESP"]
[SourceTitle "CBM 104"]
[Source "ChessBase"]
[SourceDate "2005.01.27"]
[SourceVersion "1"]
[SourceVersionDate "2005.01.27"]
[SourceQuality "1"]
[WhiteTeam "Poland"]
[BlackTeam "India"]
[WhiteTeamCountry "POL"]
[BlackTeamCountry "IND"]

1. d4 Nf6 2. Nf3 e6 3. Bg5 {A solid way to avoid the main lines of Queen's
Indian.} h6 4. Bxf6 {Giving the bishop in order to seize space in the centre.}
Qxf6 5. e4 d5 {Anand prefers to get a position of French defense type. Much
more popular here is 5...d6.} (5... d6 6. c3 ({More ambitious is} 6. Nc3) 6...
Nd7 7. Nbd2 (7. Bd3 g6 8. Nbd2 Bg7 9. Qe2 e5 10. Nc4 Qe7 11. dxe5 dxe5 12. h4
h5 $11 {0-1 Biolek,R-Laznicka,V/Olomouc 2004/CBM 103 [Postny,E] (81)}) 7... Qd8
8. Bd3 Be7 9. Qe2 a6 10. e5 d5 11. b4 b6 12. a4 Bb7 13. Rb1 Qc8 14. O-O O-O 15.
Rfc1 $14 {1/2-1/2 Macieja,B-Agrest,E/Ohrid 2001/CBM 84 (48)}) 6. Nbd2 {White
does not want to hurry up with e4-e5 push, completing the development first.} (
6. e5 Qd8 7. c4 dxc4 8. Bxc4 a6 9. a4 Bb4+ 10. Nc3 O-O 11. O-O Nc6 12. Ne4 Ne7
13. Rc1 b6 14. Ba2 Bb7 15. Qc2 Nd5 16. Bb1 g6 17. h4 $36 {1-0 Szeberenyi,
A-Jakab,A/Paks 1999/EXT 2004 (51)}) 6... g6 7. c3 Bg7 8. Bd3 O-O 9. O-O Nd7
$146 (9... b6 10. Re1 c5 11. a3 a5 12. Bb5 Bb7 13. Qa4 Rc8 14. Rad1 cxd4 15.
Nxd4 Na6 16. Bxa6 Bxa6 17. exd5 exd5 18. Nf1 $14 {1-0 Speelman,J-Brynell,S/
Copenhagen 1996/CBM 54 (79)}) 10. e5 Qe7 11. h4 {White is trying to create a
weakness on black's king position, using his space advantage on the kingside.}
c5 12. Qe2 (12. h5 $6 g5 {followed by f7-f6 gives black a good game.}) 12...
cxd4 13. cxd4 $14 Rd8 {Setting free the f8 square for the knight.} 14. a3 {
Covering b4 against black's possible queen's invasion.} Nf8 15. h5 Bd7 $6 (
15... g5 {seems to me stronger.}) 16. hxg6 Nxg6 {[%cal Gg6f4]} 17. g3 f5 18.
exf6 {Macieja chooses the more principled move.} ({Possible as well was} 18.
Kg2 {[%cal Gf1h1]}) 18... Qxf6 19. Rae1 Rf8 20. Kg2 Rf7 21. Qd1 $2 {This is
just slow and unsuccessful manoeuvre and the turning in this game as well.} ({
After the straightforward} 21. Ne5 Nxe5 22. dxe5 Qe7 23. f4 {white could keep
stable advantage.}) 21... Raf8 22. Qc2 $6 {It's hard to blame Macieja for this
move, but considering what happened in the game later, 22.Qb1 would have been
better.} {[%tqu "En","How should black continue?","","","g6f4","This sacrifice
is practically forced, nevertheless it leaves very strong impression.",15]}
Nf4+ $3 {[%mdl 512] This sacrifice is practically forced, nevertheless it
leaves very strong impression.} 23. gxf4 Qxf4 24. Rg1 Bxd4 25. Kf1+ $2 {
It's very hard to choose the right place for the king, especially in
time-trouble, but on h1 the king is much safer.} (25. Kh1+ Kh8 26. Rg2 Bf6 (
26... e5 27. Nxd4 Qxd4 28. Qc3 Qxc3 29. bxc3 e4 30. Be2 Rxf2 31. Rxf2 Rxf2 32.
Nf1 {and the endgame is about equal.}) 27. Qc5 b6 28. Qe3 Bxb2 $15) 25... Kh8
26. Re2 Rc8 {That's why 22.Qb1 would have been better.} 27. Qb1 {The
manoeuvres of white's queen are not impressive, but now it's not up to white
already, black is in control.} Bf6 $1 {[%cal Ge6e5]} 28. Ne1 (28. Rg6 e5 29.
Rxf6 Rxf6 30. Nxe5 Qh2 31. Ke1 Qg1+ 32. Nf1 Bh3 $19) 28... e5 29. Ng2 Bh3 30.
Rh1 Bxg2+ 31. Kxg2 Rg7+ $1 32. Kf1 Rgc7 {The threat Rc1 simply can not be
parried.} 33. Nb3 (33. Kg2 Qg4+ $19) 33... Rc1+ 34. Nxc1 Rxc1+ 35. Qxc1 Qxc1+
36. Re1 Qf4 37. Bb1 e4 38. Ba2 Bh4 39. Re2 d4 {The final stage of this game
played perfectly by Anand.} 0-1

[Event "Olympiad-36"]
[Site "Mallorca"]
[Date "2004.10.28"]
[Round "13"]
[White "Winants, Luc"]
[Black "Beliavsky, Alexander G"]
[Result "1/2-1/2"]
[WhiteElo "2519"]
[BlackElo "2660"]
[Annotator "Postny,E"]
[PlyCount "51"]
[EventDate "2004.10.15"]
[EventType "team-swiss"]
[EventRounds "14"]
[EventCountry "ESP"]
[SourceTitle "CBM 104"]
[Source "ChessBase"]
[SourceDate "2005.01.27"]
[SourceVersion "1"]
[SourceVersionDate "2005.01.27"]
[SourceQuality "1"]
[WhiteTeam "Belgium"]
[BlackTeam "Slovenia"]
[WhiteTeamCountry "BEL"]
[BlackTeamCountry "SLO"]

1. d4 Nf6 2. Bg5 e6 3. e3 {This is a solid continuation, but does not yield
white any real chances for an opening advantage.} ({More aggressive
continuation is} 3. e4) 3... c5 4. Nf3 b6 5. d5 $5 {White uses the last
opportunity to seize some space and fight for the initiative. On the other
hand, this move is somewhat risky, since after the following exchange of
white's dark-squared bishop the dark squares in white's camp might become
vulnerable.} ({The alternative ways usually lead to a boring equality, for
example:} 5. Nbd2 Bb7 6. Bd3 Be7 7. O-O O-O 8. c3 cxd4 9. cxd4 Nd5 10. Bxe7
Qxe7 $11 {1/2-1/2 Spassky,B-Timman,J/Hilversum 1983/MCD (19)}) 5... h6 (5...
exd5 6. Nc3 Be7 7. Nxd5 Bb7 8. Bxf6 Bxf6 9. c3 O-O 10. Bc4 a6 11. O-O b5 12.
Bb3 d6 13. Qd2 Nd7 14. Rfd1 Bxd5 15. Bxd5 Rb8 16. Qc2 $14 {1-0 Jussupow,
A-Karpov,A/London 1989/Candidates (37)}) (5... d6 6. Bb5+ Bd7 7. Bxd7+ Nbxd7 8.
dxe6 fxe6 9. c4 Be7 10. Nc3 O-O 11. O-O a6 12. Qd3 Ne8 13. Bf4 Ndf6 14. Rfd1
Ra7 15. e4 $14 {1-0 Dreev,A-Zelcic,R/Las Vegas 1999/CBM 72 (55)}) 6. Bxf6 {
White have to exchange the bishop to support the d5 outpost.} Qxf6 7. Nc3 Bb7
8. e4 (8. Bc4 Be7 9. O-O O-O 10. e4 e5 11. a4 a6 12. Be2 d6 13. Nd2 $14 {
1/2-1/2 Ehlvest,J-Yudasin,L/New York 2004/CBM 98 ext (43)}) 8... a6 9. e5 Qd8
10. a4 ({After} 10. d6 $6 g5 $1 {[%csl Re5][%cal Gb8c6,Gf8g7] white will not
hold his pawns chain in the centre.}) 10... exd5 11. Nxd5 Nc6 12. Bc4 Na5 13.
Ba2 c4 $1 {Closing the diagonal for the white bishop and vacating the c5
square for one's own bishop} 14. O-O Rc8 $146 (14... Bc5 15. b4 cxb3 16. cxb3
Nc6 17. b4 Nxb4 18. Nxb4 Bxb4 19. Bxf7+ Kxf7 20. Qb3+ Ke8 21. Qxb4 Bxf3 22.
gxf3 Rf8 23. Qe4 Qg5+ 24. Kh1 Rc8 25. Qb7 Rc6 26. Rg1 Qh5 27. Rg3 Qxe5 28. Rd1
Qc7 29. Qxa6 Rf7 30. Qd3 Kf8 31. Re1 Re6 {1/2-1/2 Levitina,I-Rotstein,A/
Helsinki 1992/CBM 32 (31)}) 15. Re1 Bc5 16. Qd2 O-O 17. Re4 {Trying to create
an attack against the black king.} (17. Nf6+ $2 gxf6 18. Qxh6 Rc6 $1 19. Re4 f5
20. Qh5 fxe4 21. Ng5 Qxg5 22. Qxg5+ Rg6 {Black has a rook and two minor pieces
for the queen and is ready for counterattack.}) 17... Bxd5 {Sooner or later
black has to eliminate this annoying knight.} 18. Qxd5 b5 19. axb5 axb5 20. Rd1
{It seems that white has the upper hand thanks to the weakness on d7, but
black has enough resources to equalize exploiting temporary bad location of
white's bishop.} (20. Nd4 Qb6 $132) 20... Qb6 {[%csl Rf2]} 21. Re2 Nc6 {
[%cal Gc6b4]} 22. c3 Ne7 23. Qe4 Rfd8 24. Bb1 Ng6 25. Red2 d5 {Black succeeded
to carry out this advance. The position is now absolutely equal.} 26. exd6
1/2-1/2

[Event "Bundesliga 0203"]
[Site "Germany"]
[Date "2003.03.29"]
[Round "14.4"]
[White "Peng, Zhaoqin"]
[Black "Berg, Emanuel"]
[Result "0-1"]
[WhiteElo "2443"]
[BlackElo "2535"]
[Annotator "Postny,E"]
[PlyCount "70"]
[EventDate "2002.10.19"]
[EventType "team-tourn"]
[EventRounds "15"]
[EventCountry "GER"]
[SourceTitle "CBM 095"]
[Source "ChessBase"]
[SourceDate "2003.07.25"]
[SourceVersion "1"]
[SourceVersionDate "2003.07.25"]
[SourceQuality "1"]
[WhiteTeam "Emsdetten Turm"]
[BlackTeam "Hamburger SK"]
[WhiteTeamCountry "GER"]
[BlackTeamCountry "GER"]

1. d4 Nf6 2. Nf3 e6 3. g3 b5 {This way black is trying to get more space on
the queenside.} 4. Bg2 Bb7 5. O-O Be7 6. Bg5 O-O (6... a6 7. a4 b4 8. c4 bxc3
9. Nxc3 O-O 10. Rc1 d6 11. Re1 Nbd7 12. e4 c5 13. e5 dxe5 14. Nxe5 Bxg2 15.
Kxg2 Rc8 16. Nxd7 Qxd7 $11 {1-0 Romanishin,O-Dautov,R/Muenster 1997/CBM 60 ext
(54)}) 7. Qd3 Be4 $5 {An interesting move. Black offers a pawn sacrifice.} ({
Logical and safe is} 7... a6 8. Nbd2 Nc6 (8... d6 9. a4 b4 10. Bxf6 Bxf6 11.
Ng5 Bxg5 12. Bxb7 Ra7 13. Bg2 $14 {1-0 Speelman,J-Obukhov,A/London 1993/CBM 38
(63)}) 9. c3 Nd5 10. Bxe7 Qxe7 11. e4 Nb6 12. Rfe1 d6 13. d5 Ne5 14. Nxe5 dxe5
15. c4 Rfd8 $11 {1-0 Popov,V-Berg,E/Tch-SWE 2003 (41)}) 8. Qe3 $146 {White
decides to decline the challenge.} (8. Qxb5 Nc6 (8... Bxc2 $2 {Stohl} 9. Ne1 a6
10. Qb7 $18) 9. Nbd2 Rb8 10. Qc4 Rb4 (10... Rxb2 $2 {Stohl} 11. Bxf6 Rxc2 12.
Bxe7 $18) 11. Qc3 Bxf3 (11... Nd5 12. Bxe7 Qxe7 13. Qa3 Bxf3 $2 (13... Nxd4 {
Stohl} 14. Nxd4 Bxg2 15. Nc6 $1 dxc6 16. Kxg2 $14 {[%csl Ra7,Rc6,Rc7] ק}) 14.
Nxf3 Rfb8 15. b3 Nxd4 16. Nxd4 Rxd4 17. Qxa7 $16 {1-0 Frias Pablaza,V-Shahade,
M/Philadelphia 1986/EXT 97 (29)}) 12. Nxf3 Ne4 13. Bxe7 Nxc3 14. Bxd8 Nxe2+ 15.
Kh1 Rxd8 16. b3 Rb6 17. Rfd1 Nc3 18. Rd2 d5 {=/=/+ 0-1 Schmidt,P-Nisipeanu,L/
Germany 1998/GER-chT (40)}) ({Passive is} 8. Qd1 $6 {- see the game Cosma,
I-Nisipeanu,L/Ciocaltea mem 1997/CBM 60 [Stohl]}) 8... Bc6 (8... Bxc2 $2 9. Ne1
{[%csl Ra8,Rc2]}) 9. Bxf6 Bxf6 10. Nbd2 d6 $11 11. Qd3 Re8 12. c3 Nd7 13. e4 {
White has more space in the centre, but black has a pair of bishops and his
position is flexible.} Rb8 14. b4 $6 {This move weakens white's pawn structure
on the queenside. Black may take advantage of it in the future.} (14. a3 $5)
14... Nb6 15. Rfe1 Na4 {A good outpost for the knight, where it attacks
white's weakness on c3.} 16. Qc2 Qd7 17. Nb3 Ba8 18. Rad1 Qc6 19. Rc1 Rec8 $1
20. a3 Qd7 {Black is ready to carry out c7-c5 strike.} 21. Rcd1 Qe8 22. Na5 $6
(22. e5 Be7 23. Nbd2 $15 {[%cal Yd2e4]}) 22... c5 {[%csl Rc3] Black finally
carries out the right plan against the potential weakness on c3.} 23. e5 {
The beginning of an immense complications.} Bd8 $1 {Exploiting the drawbacks
of white's 22.Na5.} 24. exd6 (24. d5 cxb4 25. exd6 {- see the game.}) 24...
cxb4 $2 {Black underestimates the potential of the sudden white initiative.} ({
Much safer and better would have been} 24... Bxf3 $1 25. Bxf3 (25. dxc5 Bxd1
26. Rxd1 Nxc5 27. bxc5 Rxc5 $17) 25... cxb4 26. axb4 Bxa5 27. bxa5 Nxc3 $17)
25. d5 $1 Rxc3 (25... Bxa5 $2 26. Ng5 g6 (26... f5 27. dxe6 $18) 27. dxe6 {
with a devastating attack.}) 26. Qe4 ({Also comes into consideration} 26. Qb1
Rxf3 27. Nc6) 26... Rxf3 $1 {Eliminating the dangerous knight.} (26... Bxa5 $2
27. Ng5 f5 (27... g6 28. Qh4 h5 29. dxe6 {and black is collapsing.}) 28. Qxe6+
(28. Qh4 h6) 28... Qxe6 29. dxe6 {[%csl Gd6,Ge6] White is a whole piece down,
but his passed pawns are certainly worth more...}) 27. Nc6 $1 {Another
unexpected chance.} (27. Bxf3 $2 Bxa5) 27... Rf6 $6 (27... Bxc6 $6 28. Qxf3 (
28. dxc6 $2 Rc3 $17) 28... Ba8 29. Qf4 {does not look good for black.}) ({
Very interesting was} 27... Rxf2 $5 28. Kxf2 Nc3 29. Qxb4 Nxd1+ 30. Rxd1 exd5
31. Nxb8 Bb6+ 32. Kf1 Qe3 33. Qf4 Qg1+ 34. Ke2 Qxg2+ 35. Kd3 {and it's still
very hard to give the exact evaluation of this battle.}) 28. Nxb8 $2 ({Strong
was} 28. d7 $1 Qxd7 (28... Qf8 $2 29. Nxb8 Bb6 30. Qxb4 $1) 29. Nxb8 Qc8 30.
Nd7 $1 {and it looks like white is better.}) 28... Bb6 {It looks like black
has outwitted his opponent, but in fact the matters are far from being clear.}
29. Nc6 (29. Nd7 $2 Qxd7 30. dxe6 fxe6 $1 (30... Bxe4 $4 31. exd7) 31. Qxa8+
Rf8 32. Qc6 Bxf2+ 33. Kh1 Qxc6 34. Bxc6 Bxe1 35. Rxe1 b3 $1 $19) 29... Rxf2 (
29... Bxf2+ 30. Kh1 Bxe1 31. dxe6 Rf1+ 32. Bxf1 Bxc6 33. Qxc6 Qxc6+ 34. Bg2
Qxd6 35. Rxd6 fxe6 36. Rxe6 $14) (29... Nc3 $5 30. d7 $1 Qxd7 31. dxe6 fxe6 $1
(31... Nxe4 $2 32. exd7 Bxf2+ 33. Kh1 Nxg3+ 34. hxg3 Rh6+ 35. Bh3 Bxc6+ 36. Kh2
$18) 32. Rxd7 Nxe4 33. Bxe4 Bxc6 34. Bxc6 Bxf2+ 35. Kf1 Bxg3+ 36. Ke2 Bxe1 37.
Kxe1 bxa3 38. Bxb5 {and the endgame should end in a draw.}) 30. Kh1 ({Deserved
attention} 30. Rd4 $5) 30... Nc3 $2 {It's incredible, but this obvious move is
a mistake! The variations are so complicated, that there is no head or tail to
be found in the entire position.} (30... Rxg2 $5 31. Qxg2 bxa3) 31. Ne7+ $4 {
Missing the winning opportunity.} (31. d7 $1 Qf8 (31... Qxd7 32. dxe6 Qxe6 (
32... Qxd1 33. exf7+ $18) 33. Ne7+ Kf8 34. Qxa8+ $18) 32. Qxb4 ({Also curious
is the following variation:} 32. dxe6 $2 Nxe4 33. e7 Bxc6 34. exf8=Q+ Kxf8 35.
d8=Q+ (35. Bxe4 $1 Rf1+ $1 36. Kg2 Rxe1 37. Rxe1 Bxd7 38. axb4 $11) 35... Bxd8
36. Rxd8+ Ke7 37. Rc8 Kd7 38. Rxc6 Kxc6 39. Bxe4+ (39. Rxe4 $2 bxa3 40. Re2+
Rxg2 41. Kxg2 b4 $19 {[%csl Ga3,Gb4]}) 39... Kc5 $15) 32... Nxd1 33. Rxd1 {
and white's Pd7 should bring him a victory.}) 31... Kh8 32. Qxb4 Nxd1 33. Rxd1
exd5 {Black is two pawns up, while white's passed pawn on d6 can not get
support. However the time-trouble is becoming a factor now...} 34. Rc1 d4 $4 ({
Simple and good was} 34... Bb7) 35. Rc8 $4 {[%mdl 8192]} (35. Qxb5 $1 Bxg2+ 36.
Kg1 {and suddenly white is winning, exploiting the weakness of black's 8th
rank.} Qf8 37. Rc8 Bd8 38. Kxf2 $18) 35... Rf1# {[%mdl 64] An exciting and
dramatic game.} 0-1

[Event "Corus"]
[Site "Wijk aan Zee"]
[Date "2005.01.20"]
[Round "5"]
[White "Morozevich, Alexander"]
[Black "Anand, Viswanathan"]
[Result "0-1"]
[WhiteElo "2741"]
[BlackElo "2786"]
[Annotator "Postny,E"]
[PlyCount "82"]
[EventDate "2005.01.15"]
[EventType "tourn"]
[EventRounds "13"]
[EventCountry "NED"]
[EventCategory "19"]
[SourceTitle "CBM 105"]
[Source "ChessBase"]
[SourceDate "2005.04.11"]
[SourceVersion "1"]
[SourceVersionDate "2005.04.11"]
[SourceQuality "1"]

1. d4 Nf6 2. Nf3 e6 3. Bg5 {Deviating from the main lines of Queen's Indian.}
c5 4. e3 h6 5. Bh4 cxd4 ({Other possible ways of play are:} 5... d5 {1-0
Kamsky,G-Golod,V/New York 2004/CBM 102 [Golod,V] (46)}) (5... Qb6 {1/2-1/2
Chatalbashev,B-Berkes,F/Plovdiv 2003/CBM 98 [Finkel] (60)}) 6. exd4 b6 7. Bxf6
$5 {After 5.Bh4 this exchange looks rather weird, but, as usual Morozevich
comes up with an original idea.} (7. c3 Ba6 8. Bxa6 Nxa6 9. Nbd2 Be7 10. O-O
O-O 11. Re1 Nc7 12. a4 d6 13. Ne4 Nxe4 14. Bxe7 Qxe7 15. Rxe4 Qd7 $11 {0-1
Salov,V-Karpov,A/Alma-Ata 1995/EXT 2000 (40)}) (7. Nbd2 Bb7 8. Bd3 d6 9. O-O
Nbd7 10. Re1 Be7 11. c3 O-O 12. Nc4 Re8 13. Nfd2 b5 14. Ne3 a6 15. Qe2 Nb6 16.
Bc2 Nbd5 $11 {1-0 Miles,A-Vehi Bach,V/Andorra 1995/EXT 97 (62)}) 7... Qxf6 8.
g3 $146 {This is the idea behind white's previous move. White is intending to
develop the bishop to the long diagonal and put a pressure on black's
queenside.} (8. Bd3 Bb7 9. Nbd2 Nc6 10. c3 Rc8 11. Qe2 d5 12. Ne5 Nxe5 13. dxe5
Qd8 14. O-O-O Kd7 15. Nb3 Kc7 16. f4 Kb8 17. Kb1 $14 {1/2-1/2 Pulido Sanchez,
A-Cisneros Alomar,J/Palma de Mallorca 2001/EXT 2002 (33)}) 8... Nc6 9. c3 g5 $5
{After this move it's becoming clear that Anand is not intending to castle to
the kingside...} ({Possible is} 9... Be7 $11) 10. Nbd2 Bb7 11. Bg2 O-O-O 12. a4
{Without wasting a single tempo, Morozevich starts an immediate assault
against the black king.} h5 $5 {I guess that this has something to do with
psychology. Anand affords himself to sacrifice a pawn, being aware that
Morozevich would never accept it, since it will lead to a passive position for
white, even if it's temporary. Against a player with more solid style, Anand
would probably choose different continuation...} (12... Qf5 $5) 13. a5 $6 {
White is consequent, but objectively, it was better to grab the pawn, and not
to sacrifice it!} (13. Ne4 Qg6 (13... Qf5 14. Nexg5) 14. Nexg5 Bh6 (14... h4
15. Qe2 Be7 16. Nh3 $16) (14... f6 15. Nh3 Bh6 16. O-O $16) 15. Qb1 $1 (15. h4
$6 f6 16. Nh3 Ba6 17. Bf1 Qe4+ 18. Be2 e5 $44) 15... Qg7 (15... Nxd4 $2 16.
Qxg6 fxg6 17. cxd4 Bxg5 18. Nxg5 Bxg2 19. Rg1 $18 {[%csl Rd8,Rh8][%cal Gg5f7]})
16. h4 $14) 13... Nxa5 14. b4 Nc6 15. Nc4 $6 {This is too optimistic.} (15. Ne4
Qg6 16. Nexg5 f6 17. Nh3 Qe4+ 18. Qe2 Qxe2+ 19. Kxe2 {leads to approximate
equality, but Morozevich was certainly playing for more.}) (15. O-O {would
have been more flexible.}) 15... b5 $1 16. O-O $5 {Morozevich remains faithful
to his creative style.} (16. Ne3 d5 17. Qe2 a6 $17 {closing all files on the
queenside.}) 16... bxc4 {As usual, Anand has no hesitation to accept material,
even with a risk to get under dangerous attack.} 17. b5 Nb8 18. Rxa7 d5 {
Closing the diagonal for the white bishop.} (18... Bxf3 $2 19. b6 $1 {[%cal
Ga7c7]} Bd6 (19... Re8 20. Bxf3 $44) 20. b7+ Kc7 21. Qa4 Bxg2 22. Qa5+ Kc6 23.
Qa4+ (23. Rb1 Bb4 24. Rxb4 d5 {and black's king escapes.}) 23... Kd5 24. Qb5+
Ke4 25. Qb1+ (25. Re1+ $2 Kf3 26. Re3+ Kg4 27. Kxg2 h4 $19 {[%cal Gg4h5]})
25... Kf3 26. Qd1+ Ke4 27. Qb1+ $11) 19. Ne5 Rd7 $1 {[%mdl 256]} (19... Bc5 $2
20. dxc5 Qxe5 21. c6 {and black has to give a piece back.}) 20. Qa4 Qd8 21.
Nxc4 {Many spectators at this point thought that white's attack is pretty
dangerous, but Anand shows convincingly, that it's just an illusion.} (21. Nxd7
Qxd7 {parrying the attack, keeping material advantage.} (21... Nxd7 $2 22. Rxb7
$1 Kxb7 23. Qa6+ Kb8 24. Ra1 Nb6 25. Qa7+ Kc8 26. Ra6 Qc7 27. Qxb6 Qxb6 28.
Rxb6 Be7 $11)) 21... dxc4 $1 22. Qxc4+ Qc7 23. Bxb7+ Kd8 24. Qe2 (24. Qd3 $2
Qb6 $19 {[%csl Ra7,Rb7]}) 24... Bd6 (24... Qb6 $2 25. Qe5 {[%csl Rb8,Rh8]}) 25.
Rfa1 (25. Qf3 {[%cal Gf3f6]} Ke7 26. Rfa1 Qb6 {and white's attack evaporates.})
25... Qxc3 26. d5 $2 {This already looks like a complete oversight.} (26. R1a4
{could keep some tension in the position, though black is objectively winning.}
) {[%tqu "En","How can Black win more material?","","","d7b7","Winning another
piece.",3]} 26... Rxb7 {[%csl Ra1] Winning another piece.} 27. dxe6 Rxa7 28.
Rxa7 fxe6 29. Qxe6 Qe5 {All is protected and black is just two pieces up. Here
it was the right moment for resignation.} 30. Re7 Qa1+ 31. Qe1 Qxe1+ 32. Rxe1
Nd7 33. Kg2 {It's very strange that Morozevich kept playing here.} Nc5 34. Rd1
Kd7 35. Rd5 Ne6 36. Kf3 Rf8+ 37. Ke2 Ke7 38. h4 g4 39. Rxh5 Bc5 40. Re5 Rxf2+
41. Kd3 Kf6 0-1